000 02216nam a2200325 4500
001 61
003 OSt
005 20250528074010.0
008 250122b |||||||g |||| 00| 1 eng d
020 _a9788555340482
040 _bpor
041 _heng
_apor
082 _air820
_bB792m
100 1 _aBoyne, John,
_d1971-
_9160
240 _aThe boy in the striped pyjamas
245 _aO menino do pijama listrado /
_cBoyne, John ; Tradução de Augusto Pacheco Calil e Ilustração de Oliver Jeffers
260 _aSão Paulo
_bSeguinte
_c2017
300 _a319 p.
_bil.
520 _aBruno tem nove anos e não sabe nada sobre o Holocausto e a Solução Final contra os judeus. Também não faz idéia que seu país está em guerra com boa parte da Europa, e muito menos que sua família está envolvida no conflito. Na verdade, Bruno sabe apenas que foi obrigado a abandonar a espaçosa casa em que vivia em Berlim e a mudar-se para uma região desolada, onde ele não tem ninguém para brincar nem nada para fazer. Da janela do quarto, Bruno pode ver uma cerca, e para além dela centenas de pessoas de pijama, que sempre o deixam com frio na barriga. Em uma de suas andanças Bruno conhece Shmuel, um garoto do outro lado da cerca que curiosamente nasceu no mesmo dia que ele. Conforme a amizade dos dois se intensifica, Bruno vai aos poucos tentando elucidar o mistério que ronda as atividades de seu pai. O menino do pijama listrado é uma fábula sobre amizade em tempos de guerra, e sobre o que acontece quando a inocência é colocada diante de um monstro terrível e inimaginável. "Um livro maravilhoso." - The Guardian "Intenso e perturbador [...] pode-se tornar uma introdução tão memorável ao tema como O diário de Anne Frank foi em sua época." - USA Today "Um livro tão simples e tão bem escrito que beira a perfeição." - The Irish Independent
650 0 _aLiteratura Irlandesa
_987
650 0 _aDrama
_918
650 0 _aGrandes Amizades
_928
650 0 _a2° Guerra Mundial
_956
650 0 _aGuerra
_930
655 0 _aRomance
_923
655 0 _aFicção
_922
700 _aAugusto Pacheco Calil
_eTradutor
_9161
700 _aOliver Jeffers
_eIlustrador
_9162
942 _2ddc
_n0
_cBK
999 _c61
_d61